000 00835cam a22002777a 4500
003 CHAP
005 20220329140727.0
008 971013s1936 r 00010 d
010 _a56618
011 _a57590
035 _a61745
040 _cCHAP
090 _aFolleto 4332
100 0 0 _aSocial Science Research Council. New York.
_9108038
245 1 2 _aA survey of research in forest economics
260 _aNew York :
_b(The council),
_c1936
300 _a52 p.
590 _aBATCH-UPD
_b10
_c20130110
_lUCH01
_h0723
590 _aBATCH-UPD
_b10
_c20130410
_lUCH01
_h0407
590 _aBATCH-UPD
_b10
_c20130914
_lUCH01
_h0716
590 _aCONVERSION
_b10
_c20130109
_lUCH01
_h1330
650 1 4 _aBosques
_xAspectos económicos.
_914058
901 _aBK
942 _cFOLL
949 _aFolleto 4332
_bBC
_cFOLL
_d-132559
_eTS1
_i61745
_si
999 _c56618
_d56618